000 00363cam a22001097a 4500
008 180718b1960 xxu||||| |||| 00| 0 eng d
082 _aG5x5452 M278a
245 _aMaharashtra Legislative Assembly rules
_cby Legislative Secretariat, Maharashtra
260 _aBombay
_bLegislature Secretariat
_c1960
300 _a73+p
700 _aMaharashtra. Legislature Secretariat
999 _c491346
_d491346